000 00543nam a22001937a 4500
003 CEME
005 20210628202813.0
008 210104b xxu||||| |||| 00| 0 eng d
020 _a9789339204655
040 _cceme
082 _a620.106 CEN
100 _aCengel, Yunus A ,Cimbala, John M
_961714
245 _aFluid mechanics:fundamentals and applications (in si units), in si units
250 _a3RD
260 _aINDIA
_bMCGRAW HILL
_c2015
300 _aXIV, 969P
650 _aTEXTBOOK-DME.FLUID MECHANICS
_961715
942 _cBK
_2ddc
999 _c571071
_d571071